| 000 -LEADER |
| fixed length control field |
02203cam a2200337 a 4500 |
| 001 - CONTROL NUMBER |
| control field |
17134495 |
| 003 - CONTROL NUMBER IDENTIFIER |
| control field |
OSt |
| 005 - DATE AND TIME OF LATEST TRANSACTION |
| control field |
20160620152342.0 |
| 008 - FIXED-LENGTH DATA ELEMENTS--GENERAL INFORMATION |
| fixed length control field |
120125s2012 nyu b 001 0 eng |
| 010 ## - LIBRARY OF CONGRESS CONTROL NUMBER |
| LC control number |
2012002887 |
| 020 ## - INTERNATIONAL STANDARD BOOK NUMBER |
| International Standard Book Number |
9781441179456 (hardcover : alk. paper) |
| 020 ## - INTERNATIONAL STANDARD BOOK NUMBER |
| International Standard Book Number |
1441179453 (hardcover : alk. paper) |
| 020 ## - INTERNATIONAL STANDARD BOOK NUMBER |
| International Standard Book Number |
9780826434982 (pbk. : alk. paper) |
| 020 ## - INTERNATIONAL STANDARD BOOK NUMBER |
| International Standard Book Number |
0826434983 (pbk. : alk. paper) |
| 040 ## - CATALOGING SOURCE |
| Original cataloging agency |
DLC |
| Transcribing agency |
DLC |
| Modifying agency |
DLC |
| 042 ## - AUTHENTICATION CODE |
| Authentication code |
pcc |
| 050 00 - LIBRARY OF CONGRESS CALL NUMBER |
| Classification number |
PN1992.8.T45 2012 |
| 082 00 - DEWEY DECIMAL CLASSIFICATION NUMBER |
| Classification number |
791.45/6538 |
| Edition number |
23 |
| 245 00 - TITLE STATEMENT |
| Title |
Television, sex and society :analysing contemporary representations / |
| Statement of responsibility, etc |
edited by Basil Glynn, James Aston, and Beth Johnson. |
| 260 ## - PUBLICATION, DISTRIBUTION, ETC. (IMPRINT) |
| Place of publication, distribution, etc |
New York : |
| Name of publisher, distributor, etc |
Continuum, |
| Date of publication, distribution, etc |
c2012. |
| 300 ## - PHYSICAL DESCRIPTION |
| Extent |
xxi, 196 p. ; |
| Dimensions |
24 cm. |
| 504 ## - BIBLIOGRAPHY, ETC. NOTE |
| Bibliography, etc |
Includes bibliographical references and index. |
| 505 0# - FORMATTED CONTENTS NOTE |
| Formatted contents note |
Pt. 1. TV and the democratization of sex -- Shameless: situating sex beyond the city/ Beth Johnson -- Sex, society and the slayer/ Madeleine Smith -- Fangbanging: sexing the vampire in Alan Ball's True Blood/ Melanie Waters -- True Blood, sex and online fan culture/ Emily Brick -- Pt. 2. TV and the absence of sex -- Beekeeper suits, plastic casings, rubber gloves and cling film: examining the importance of "no-sex" sex in Pushing Daisies/ Rebecca Feasey -- Television x-cised: restricted hardcore and the resisting of the real/ James Aston -- Imagination in the box: Woju's realism and the representation of Xiaosan/ Ruth Y.Y. Hung -- My lovely Sam-soon: absent sex and The unbearable lightness of sweet Korean romance/ Jeongmee Kim -- pt. 3. TV sex and heritage: sexual representation and re-presentation -- "Why should I hide my regard": erotic Austen/ Jonathon Shears -- Performance anxiety and costume drama: lesbian sex on the BBC/ Amber Regis -- The conquests of Henry VIII: masculinity, sex and the national past in The Tudors/ Basil Glynn. |
| 650 #0 - SUBJECT ADDED ENTRY--TOPICAL TERM |
| Topical term or geographic name as entry element |
Sex on television. |
| 700 1# - ADDED ENTRY--PERSONAL NAME |
| Personal name |
Glynn, Basil. |
| 700 1# - ADDED ENTRY--PERSONAL NAME |
| Personal name |
Aston, James, |
| Dates associated with a name |
1973- |
| 700 1# - ADDED ENTRY--PERSONAL NAME |
| Personal name |
Johnson, Beth, |
| Dates associated with a name |
1980- |
| 906 ## - LOCAL DATA ELEMENT F, LDF (RLIN) |
| a |
7 |
| b |
cbc |
| c |
orignew |
| d |
1 |
| e |
ecip |
| f |
20 |
| g |
y-gencatlg |
| 942 ## - ADDED ENTRY ELEMENTS (KOHA) |
| Source of classification or shelving scheme |
|
| Koha item type |
Book |